Statistics for Missing Countries

Click here to take the quiz!

General Stats

  • This quiz has been taken 37 times
  • The average score is 13 of 16

Answers on the Map

Answers color-coded by a green-red scale on the quiz's map according to % correct below.
Loading ...
 

Answer Stats

Country% Correct
Azerbaijan
88%
Belize
88%
Venezuela
88%
Z
88%
Bosnia and
Herzegovina
85%
Brazil
85%
Czech Republic
85%
Kazakhstan
85%
New Zealand
85%
Zambia
85%
Zimbabwe
85%
Kyrgyzstan
82%
Switzerland
82%
Tanzania
82%
Mozambique
79%
Uzbekistan
79%

Score Distribution

Percentile by Number Answered

Percent of People with Each Score

Your Score History

You have not taken this quiz